[Event "Emilia Romagna tt op"]
[Site "Piacenza"]
[Date "2022.09.24"]
[Round "2"]
[White "Castrogiovanni, Carlo"]
[Black "Vaccari, Marco"]
[Result "1-0"]
[WhiteElo "1937"]
[BlackElo "1483"]
[PlyCount "61"]
[EventDate "2022.09.23"]
[EventType "team-swiss"]
[EventRounds "5"]
[EventCountry "ITA"]
[SourceTitle "EXT 2023"]
[Source "ChessBase"]
[SourceDate "2022.10.05"]
[SourceVersion "1"]
[SourceVersionDate "2022.10.05"]
[SourceQuality "1"]
[WhiteTeam "Piacenza Vecchie Glorie"]
[BlackTeam "Club 64 Promozione"]
[WhiteTeamCountry "ITA"]
[BlackTeamCountry "ITA"]

1. Nf3 c5 2. c4 g6 3. Nc3 Bg7 4. e3 e6 5. d4 cxd4 6. exd4 d5 7. Bf4 a6 8. cxd5 exd5 9. Be2 Nf6 10. 0-0 0-0 11. Re1 Nc6 12. h3 Ne4 13. Bd3 f5 14. Qb3 Kh8 15. Qxd5 Nxc3 16. Qxd8 Ne2+ 17. Rxe2 Rxd8 18. d5 Nb4 19. Bc4 b5 20. Ng5 Ra7 21. Bb3 Nd3 22. Be3 Rad7 23. Ne6 Re8 24. Nxg7 Kxg7 25. Rd1 Nf4 26. Bd4+ Kf7 27. d6+ Kf8 28. Rxe8+ Kxe8 29. Be3 Nh5 30. Be6 Rd8 31. Bxc8 1-0